000 00686nam a2200229Ia 4500
003 OSt
005 20220923213417.0
006 a|||||r|||| 00| 0
007 ta
008 220922b |||||||| |||| 00| 0 hin d
024 _a161,713
037 _cTextual
040 _aARTS
_cARTS
_bhin
041 _2hin
_ahin
082 _aO152:2M98:14, J7(=)
100 _aगोविन्ददास
245 0 _aस्पर्द्धा तथा सात अन्य एकांकी
246 _aSparddhā tathā sāt anya ekāankī
260 _c1957
942 _hO152:2M98:14, J7(=)
_cTEXL
_2CC
999 _c316280
_d316280